| 000 | 00705nam a2200229 i 4500 | ||
|---|---|---|---|
| 001 | bg | ||
| 100 | 1 | _aReński, Andrzej. | |
| 245 | 1 | 0 |
_aBudowa samochodów : _bukłady hamulcowe i kierownicze oraz zawieszenia / _cAndrzej Reński. |
| 250 | _a[Wyd. 2 popr.]. | ||
| 260 |
_aWarszawa : _bOficyna Wydawnicza Politechniki Warszawskiej, _c1997. |
||
| 300 |
_a176, [1] s. : _brys., wykr. ; _c24 cm. |
||
| 504 | _aBibliogr. przy rozdz. | ||
| 650 | 9 |
_aSamochody _xbudowa i konstrukcje |
|
| 655 | _aPodręczniki akademickie | ||
| 020 | _a8387012505 | ||
| 040 | _cBPK | ||
| 041 | 0 | _apl | |
| 080 | _a629.33.02(075.8) | ||
| 920 | _a83-87012-50-5 | ||
| 942 | _cKS | ||
| 008 | s pl f |000 0 pol | ||
| 999 |
_c37255 _d37255 |
||
| 856 |
_uhttp://koha.tu.koszalin.pl/cgi-bin/koha/opac-detail.pl?biblionumber=37255 _yKatalog online BPK |
||